Employment in professional mathematical work in industry and Government; (Record no. 37080)

MARC details
000 -LEADER
fixed length control field 00826nam a22002051 4500
001 - CONTROL NUMBER
control field l 62000083
003 - CONTROL NUMBER IDENTIFIER
control field DLC
005 - DATE AND TIME OF LATEST TRANSACTION
control field 20260227111546.0
008 - FIXED-LENGTH DATA ELEMENTS--GENERAL INFORMATION
fixed length control field 840828s1962 dcua f00000 eng
010 ## - LIBRARY OF CONGRESS CONTROL NUMBER
LC control number l 62000083 //r84
040 ## - CATALOGING SOURCE
Original cataloging agency DLC/ICU
Transcribing agency ICU
050 0# - LIBRARY OF CONGRESS CALL NUMBER
Classification number QA11
Item number .U48
110 10 - MAIN ENTRY--CORPORATE NAME
Corporate name or jurisdiction name as entry element United States.
Subordinate unit Bureau of Labor Statistics.
245 10 - TITLE STATEMENT
Title Employment in professional mathematical work in industry and Government;
Remainder of title report on a 1960 survey prepared for the National Science Foundation in cooperation with the Mathematical Association of America.
260 0# - PUBLICATION, DISTRIBUTION, ETC.
Place of publication, distribution, etc. [Washington,
Name of publisher, distributor, etc. For sale by the Superintendent of Documents, U.S. Govt. Print. Off.,
Date of publication, distribution, etc. 1962]
300 ## - PHYSICAL DESCRIPTION
Extent ix, 82 p.
Other physical details illus.
Dimensions 26 cm.
500 ## - GENERAL NOTE
General note "NSF-62-12."
650 #0 - SUBJECT ADDED ENTRY--TOPICAL TERM
Topical term or geographic name entry element Mathematics
General subdivision Vocational guidance.
710 20 - ADDED ENTRY--CORPORATE NAME
Corporate name or jurisdiction name as entry element National Science Foundation (U.S.)

No items available.

Powered by Koha